00778nam a22002177a 450000500170000001000150001702000250003203500130005703700130007008200150008310000240009824500830012226000300020527000570023530000220029250000410031465000210035594200290037699900170040595201380042220100823123651.0 aENG-101334 a9788189833503c50.00 aEN-84867 bDBAD/PUB a324.268075 aGhosh, Pothik91461 aAkhtaruzzaman Elias : bBeyond the lived time of nationhood /cby Pothik Ghosh aDelhibAakar Books c2008 a28 E Pocket IV, Mayur Vihar Phase 1, bDelhie110091 a47 p.c21cm (Pbk) aIncludes bibliographical references  aComnnuism917203 2ddccENh324.268075mGHO c42981d42981 001040718NFICaDBADbDBADd2010-08-23eDBAD/PUBg50.00l0o324.268075 GHOpEN-84867r2010-08-23 00:00:00t1v50.00w2010-08-23yEN